| 000 | 01068cam a2200289 a 4500 | ||
|---|---|---|---|
| 999 |
_c4391 _d4391 |
||
| 001 | 23687876 | ||
| 003 | OCoLC | ||
| 005 | 20181205155143.0 | ||
| 008 | 910415s1991 nyua b 001 0 eng | ||
| 010 | _a 91003827 | ||
| 020 | _a0800753658 | ||
| 020 | _a9780800753658 | ||
| 035 | _a(OCoLC)23687876 | ||
| 040 |
_aDLC _beng _cDLC _dBAKER _dBTCTA _dYDXCP _dXBE _dBDX _dOCLCO _dOCLCF |
||
| 050 | 0 | 0 |
_aBV4400 _b.G46 1991 |
| 082 | 0 | 0 |
_a250 _220 _bG347P |
| 092 | 0 |
_a250 _bG3474 |
|
| 100 | 1 | _aGeorge, Carl F. | |
| 245 | 1 | 0 |
_aPrepare your church for the future / _cCarl F. George. |
| 260 |
_aTarrytown, N.Y. : _bF.H. Revell, _cc1991. |
||
| 300 |
_a240 p. : _bill. (some col.) ; _c23 cm. |
||
| 504 | _aIncludes bibliographical references (p. [229]-237) and index. | ||
| 505 | 0 | _aSection I. Threshold of opportunity -- Section II. The meta-church model -- Section III. How to make small groups work -- Section IV. What to visualize for the big picture -- Section V. Where to go from here. | |
| 650 | 0 | _aChurch work. | |
| 650 | 0 |
_aChristianity _xForecasting. |
|
| 942 |
_2ddc _cBK |
||